More than friends / (Record no. 51161)

MARC details
000 -LEADER
fixed length control field 00730cgm a22002653a 4500
001 - CONTROL NUMBER
control field 13073662
003 - CONTROL NUMBER IDENTIFIER
control field OSt
005 - DATE AND TIME OF LATEST TRANSACTION
control field 20170719122241.0
007 - PHYSICAL DESCRIPTION FIXED FIELD--GENERAL INFORMATION
fixed length control field vf ||||o|
007 - PHYSICAL DESCRIPTION FIXED FIELD--GENERAL INFORMATION
fixed length control field vr ||||p|
008 - FIXED-LENGTH DATA ELEMENTS--GENERAL INFORMATION
fixed length control field 030129s1989 xx --- vleng
010 ## - LIBRARY OF CONGRESS CONTROL NUMBER
LC control number 2003632169
017 ## - COPYRIGHT OR LEGAL DEPOSIT NUMBER
Copyright or legal deposit number PA1-067-646
Assigning agency U.S. Copyright Office
020 ## - INTERNATIONAL STANDARD BOOK NUMBER
International Standard Book Number 0061041998
040 ## - CATALOGING SOURCE
Original cataloging agency DLC
Transcribing agency DLC
Modifying agency DLC
Description conventions amim
Modifying agency DLC
050 00 - LIBRARY OF CONGRESS CALL NUMBER
Classification number PS3554
Item number .E44 M67 1993
100 ## - MAIN ENTRY--PERSONAL NAME
Personal name Delinsky,Barbara
245 00 - TITLE STATEMENT
Title More than friends /
Statement of responsibility, etc Barbara Delinsky
260 ## - PUBLICATION, DISTRIBUTION, ETC. (IMPRINT)
Date of publication, distribution, etc 1993
Place of publication, distribution, etc Harper
Name of publisher, distributor, etc USA
300 ## - PHYSICAL DESCRIPTION
Extent 483
655 #7 - INDEX TERM--GENRE/FORM
Genre/form data or focus term Music videos.
Source of term lcgft
710 2# - ADDED ENTRY--CORPORATE NAME
Corporate name or jurisdiction name as entry element Copyright Collection (Library of Congress)
Institution to which field applies DLC
906 ## - LOCAL DATA ELEMENT F, LDF (RLIN)
a 0
b cbc
c orignew
d u
e ncip
f 20
g y-movingim
942 ## - ADDED ENTRY ELEMENTS (KOHA)
Source of classification or shelving scheme Library of Congress Classification
Koha item type Book
Holdings
Withdrawn status Lost status Source of classification or shelving scheme Damaged status Not for loan Collection code Home library Current library Shelving location Date acquired Source of acquisition Cost, normal purchase price Total Checkouts Total Renewals Full call number Barcode Date checked out Copy number Price effective from Koha item type
    Library of Congress Classification     Fiction Bishop Okullu Memorial Library (Limuru Campus) Bishop Okullu Memorial Library (Limuru Campus) General Circulation 19/07/2017 Donation-BFA 1000.00 15 3 PS3554 .E44 M67 1993 054436 23/07/2021 1 19/07/2017 Book